[Event "Kragero op"]
[Site "Kragero"]
[Date "2023.02.24"]
[Round "5"]
[White "Bazilius, Augustinas"]
[Black "Tenold, Andreas"]
[Result "1-0"]
[WhiteElo "2205"]
[BlackElo "2008"]
[PlyCount "93"]
[EventDate "2023.02.22"]
[EventType "swiss"]
[EventRounds "9"]
[EventCountry "NOR"]
[SourceTitle "CBM 212 Extra"]
[Source "ChessBase"]
[SourceDate "2023.03.31"]
[SourceVersion "1"]
[SourceVersionDate "2023.03.31"]
[SourceQuality "1"]

1. d4 Nf6 2. c4 e6 3. Nf3 d5 4. g3 Be7 5. Bg2 0-0 6. 0-0 dxc4 7. Qa4 a6 8. Qxc4 b5 9. Qc2 Bb7 10. Bd2 Ra7 11. Rd1 Nbd7 12. Ba5 Qa8 13. b4 Nb8 14. Qxc7 Nc6 15. Qf4 Bxb4 16. Bxb4 Nxb4 17. Qd2 Nbd5 18. Ne5 Nb6 19. f3 Rc8 20. Na3 Nfd7 21. Nxd7 Nxd7 22. Rac1 Bc6 23. e4 Nf6 24. Rc5 Rac7 25. Rdc1 Qa7 26. Qa5 Ne8 27. Bf1 Bd7 28. Rxc7 Rxc7 29. Rxc7 Nxc7 30. Kg2 h6 31. Nc2 Ne8 32. Bd3 g6 33. Kf1 Kg7 34. Ke2 Nd6 35. Qc3 Kg8 36. Ne3 a5 37. d5 b4 38. Qe5 Nb5 39. Ng4 Nc3+ 40. Kf1 h5 41. Nf6+ Kf8 42. Qd6+ Kg7 43. Qxd7 Qe3 44. dxe6 Qxf3+ 45. Kg1 Qxf6 46. e7 Nd1 47. e8N+ 1-0

[Event "Kragero op"]
[Site "Kragero"]
[Date "2023.02.22"]
[Round "2"]
[White "Tenold, Andreas"]
[Black "Briem, Stephan"]
[Result "1/2-1/2"]
[WhiteElo "2008"]
[BlackElo "2141"]
[PlyCount "101"]
[EventDate "2023.02.22"]
[EventType "swiss"]
[EventRounds "9"]
[EventCountry "NOR"]
[SourceTitle "CBM 212 Extra"]
[Source "ChessBase"]
[SourceDate "2023.03.31"]
[SourceVersion "1"]
[SourceVersionDate "2023.03.31"]
[SourceQuality "1"]

1. d4 d5 2. c4 e6 3. Nc3 c6 4. e3 f5 5. Bd3 Nd7 6. Nge2 Bd6 7. 0-0 Ngf6 8. f3 0-0 9. Qc2 Kh8 10. Bd2 Qe7 11. g3 dxc4 12. Bxc4 a6 13. a4 c5 14. d5 Nb6 15. Qd3 Nxc4 16. Qxc4 exd5 17. Nxd5 Nxd5 18. Qxd5 Rd8 19. Qb3 Be6 20. Qc2 Qf7 21. a5 Bb3 22. Qc1 Bc4 23. Re1 Qd5 24. Kf2 Bb5 25. Bc3 Bc6 26. Ng1 Qf7 27. Qc2 Bd5 28. h4 Bb3 29. Qe2 Bc4 30. Qc2 Bd3 31. Qa4 Rd7 32. Rad1 Bb5 33. Qc2 Rad8 34. f4 Bc6 35. Nf3 Bxf3 36. Kxf3 Bf8 37. Rxd7 Qxd7 38. Kf2 Kg8 39. e4 fxe4 40. Qxe4 Qf7 41. Qe6 Rd6 42. Qxf7+ Kxf7 43. Kf3 Rd5 44. Re2 g6 45. Re4 Be7 46. Re5 Rd3+ 47. Re3 Rd1 48. Re5 Rd3+ 49. Re3 Rd1 50. Re5 Rd3+ 51. Re3 1/2-1/2

[Event "NOR-chT Elite 2223"]
[Site "Norway"]
[Date "2023.01.15"]
[Round "6.36"]
[White "Fossum, Oystein Boyum"]
[Black "Tenold, Andreas"]
[Result "1-0"]
[WhiteElo "2299"]
[BlackElo "2029"]
[PlyCount "57"]
[EventDate "2022.11.11"]
[EventType "team-tourn"]
[EventRounds "9"]
[EventCountry "NOR"]
[SourceTitle "CBM 213 Extra"]
[Source "ChessBase"]
[SourceDate "2023.05.31"]
[SourceVersion "1"]
[SourceVersionDate "2023.05.31"]
[SourceQuality "1"]
[WhiteTeam "Valerenga"]
[BlackTeam "Nordstrand"]
[WhiteTeamCountry "NOR"]
[BlackTeamCountry "NOR"]

1. Nf3 d5 2. c4 d4 3. e3 Nc6 4. exd4 Nxd4 5. Nxd4 Qxd4 6. Nc3 c6 7. d3 Nh6 8. Be2 g6 9. h3 Bg7 10. Be3 Qd8 11. g4 f5 12. Qd2 Nf7 13. 0-0-0 e5 14. f4 exf4 15. Bxf4 0-0 16. d4 Bd7 17. Bf3 Rc8 18. Kb1 b5 19. c5 Qa5 20. Nd5 Qd8 21. Nb4 a5 22. Nc2 fxg4 23. hxg4 Be6 24. g5 Ne5 25. Bxe5 Bxe5 26. Qe3 Rxf3 27. Qxf3 Bd5 28. Qh3 Bxh1 29. Qe6+ 1-0

[Event "NOR-chT Elite 2223"]
[Site "Norway"]
[Date "2022.11.12"]
[Round "2.55"]
[White "Tenold, Andreas"]
[Black "Kjolberg, Jens Hjorth"]
[Result "1/2-1/2"]
[WhiteElo "1990"]
[BlackElo "2125"]
[PlyCount "127"]
[EventDate "2022.11.11"]
[EventType "team-tourn"]
[EventRounds "9"]
[EventCountry "NOR"]
[SourceTitle "CBM 211 Extra"]
[Source "ChessBase"]
[SourceDate "2023.01.31"]
[SourceVersion "1"]
[SourceVersionDate "2023.01.31"]
[SourceQuality "1"]
[WhiteTeam "Nordstrand"]
[BlackTeam "Oslo SK 1911"]
[WhiteTeamCountry "NOR"]
[BlackTeamCountry "NOR"]

1. d4 Nf6 2. c4 e6 3. Nc3 Bb4 4. e3 d5 5. Bd2 0-0 6. Nf3 c5 7. a3 cxd4 8. axb4 dxc3 9. Bxc3 b6 10. cxd5 Nxd5 11. Bd3 Bb7 12. 0-0 Nd7 13. Qb3 Nxc3 14. bxc3 Nc5 15. Bxh7+ Kxh7 16. bxc5 Bxf3 17. gxf3 Qg5+ 18. Kh1 Qxc5 19. Ra4 g6 20. Rh4+ Kg7 21. c4 Qe5 22. Re4 Qh5 23. Qc3+ f6 24. Rg4 Rh8 25. h4 Qf5 26. e4 Qe5 27. Qa3 Qc7 28. Kg2 Rad8 29. Rc1 Rh5 30. Qe3 Qc5 31. Qe2 Qe5 32. Qa2 Rd7 33. Qa4 Rf7 34. Rd1 Qc7 35. Rd2 Rc5 36. Qa1 Kh7 37. Qb1 Rxc4 38. h5 gxh5 39. Qh1 Rc5 40. Rd5 Rxd5 41. exd5 Qe5 42. dxe6 Rg7 43. Qb1+ Kh8 44. Rxg7 Kxg7 45. Qa2 Kf8 46. Qxa7 Qxe6 47. Qa8+ Kg7 48. Qb7+ Kg6 49. Qb8 h4 50. Qf4 Qf5 51. Qc4 b5 52. Qg8+ Kh5 53. Qh8+ Kg6 54. Qg8+ Kh6 55. Qf8+ Kg5 56. Qg8+ Qg6 57. Qb8 Qf5 58. Qg8+ Qg6 59. Qb8 Kh6+ 60. Kh3 Qg5 61. Qh8+ Kg6 62. Qg8+ Kh6 63. Qh8+ Kg6 64. Qg8+ 1/2-1/2

[Event "Riga Tech op 11th"]
[Site "Riga"]
[Date "2022.08.18"]
[Round "5"]
[White "Nurgaliyev, Sauat"]
[Black "Tenold, Andreas"]
[Result "1-0"]
[WhiteElo "2177"]
[BlackElo "1987"]
[PlyCount "97"]
[EventDate "2022.08.15"]
[EventType "swiss"]
[EventRounds "9"]
[EventCountry "LAT"]
[SourceTitle "CBM 209 Extra"]
[Source "ChessBase"]
[SourceDate "2022.09.30"]
[SourceVersion "1"]
[SourceVersionDate "2022.09.30"]
[SourceQuality "1"]

1. e4 c5 2. Nf3 e6 3. d4 cxd4 4. Nxd4 Nc6 5. Nc3 Qc7 6. Be3 a6 7. a3 Nf6 8. f4 Nxd4 9. Qxd4 Ng4 10. Bd2 Qc5 11. Qxc5 Bxc5 12. Nd1 b5 13. Be2 Nf6 14. e5 Nd5 15. Bf3 Bb7 16. Nc3 0-0-0 17. Nxd5 Bxd5 18. Bxd5 exd5 19. 0-0-0 d4 20. Rhe1 d6 21. exd6 Bxd6 22. Re4 Bc5 23. Rde1 Rd7 24. g3 Bb6 25. Re7 Rhd8 26. Kd1 Rxe7 27. Rxe7 Rd7 28. Re8+ Rd8 29. Re4 Kd7 30. Ke2 Kd6 31. Kd3 Rd7 32. Re8 Kc6 33. Be1 Kb7 34. Bf2 Kc7 35. g4 g6 36. Rh8 f5 37. gxf5 gxf5 38. Rf8 Rg7 39. Rxf5 Rd7 40. Re5 Rf7 41. f5 Ba7 42. Bxd4 Bxd4 43. Kxd4 Rd7+ 44. Rd5 Rf7 45. Ke4 Re7+ 46. Kf3 Kc6 47. Rd2 Rf7 48. Kf4 h6 49. Ke5 1-0

[Event "Fagernes op"]
[Site "Fagernes"]
[Date "2021.10.12"]
[Round "4"]
[White "Ingebretsen, Jens E"]
[Black "Tenold, Andreas"]
[Result "1-0"]
[WhiteElo "2274"]
[BlackElo "1995"]
[PlyCount "67"]
[EventDate "2021.10.10"]
[EventType "swiss"]
[EventRounds "9"]
[EventCountry "NOR"]
[SourceTitle "CBM 204 Extra"]
[Source "ChessBase"]
[SourceDate "2021.11.30"]
[SourceVersion "1"]
[SourceVersionDate "2021.11.30"]
[SourceQuality "1"]

1. d4 Nf6 2. c4 e6 3. Nf3 d5 4. Nc3 Bb4 5. cxd5 exd5 6. Bf4 0-0 7. e3 c5 8. dxc5 Be6 9. Bd6 Re8 10. Bb5 Nbd7 11. 0-0 Bxc3 12. bxc3 Ne4 13. c4 Nxd6 14. cxd6 dxc4 15. Nd4 Rc8 16. e4 a6 17. Ba4 b5 18. Bc2 Qb6 19. e5 Nxe5 20. Re1 Qxd6 21. Nxe6 Qxe6 22. Re3 g6 23. Qe2 Qg4 24. Re1 Kf8 25. Rxe5 Qd7 26. h4 f6 27. Re3 Rxe3 28. Qxe3 Re8 29. Qh6+ Kg8 30. Rd1 Qe7 31. Qc1 Qc5 32. Qf4 f5 33. h5 Kf7 34. Qh6 1-0

[Event "Fagernes op"]
[Site "Fagernes"]
[Date "2020.10.08"]
[Round "6"]
[White "Nielsen, Andre"]
[Black "Tenold, Andreas"]
[Result "0-1"]
[WhiteElo "2218"]
[BlackElo "1935"]
[PlyCount "62"]
[EventDate "2020.10.04"]
[EventType "swiss"]
[EventRounds "9"]
[EventCountry "NOR"]
[SourceTitle "EXT 2021"]
[Source "ChessBase"]
[SourceDate "2020.10.23"]
[SourceVersion "1"]
[SourceVersionDate "2020.10.23"]
[SourceQuality "1"]

1. e4 c5 2. Nf3 e6 3. d4 cxd4 4. Nxd4 Nc6 5. Nc3 Qc7 6. Be2 a6 7. 0-0 Nf6 8. Be3 Be7 9. f4 d6 10. Qe1 0-0 11. Qg3 Nxd4 12. Bxd4 b5 13. a3 Bb7 14. Rae1 Rad8 15. Kh1 Rd7 16. Bd3 Re8 17. e5 dxe5 18. Bxe5 Qd8 19. f5 Bd6 20. Qh3 Bxe5 21. Rxe5 exf5 22. Rexf5 Rd6 23. Qg3 Rde6 24. Rg5 g6 25. a4 b4 26. Nd1 Ne4 27. Bxe4 Rxe4 28. Rg4 Re2 29. Qf4 Qd5 30. c4 Qe6 31. Nf2 Re1 0-1

[Event "Fagernes op"]
[Site "Fagernes"]
[Date "2020.10.05"]
[Round "2"]
[White "Tenold, Andreas"]
[Black "Grover, Sigurd Loe"]
[Result "1/2-1/2"]
[WhiteElo "1935"]
[BlackElo "2145"]
[PlyCount "77"]
[EventDate "2020.10.04"]
[EventType "swiss"]
[EventRounds "9"]
[EventCountry "NOR"]
[SourceTitle "EXT 2022"]
[Source "ChessBase"]
[SourceDate "2021.10.06"]
[SourceVersion "1"]
[SourceVersionDate "2021.10.06"]
[SourceQuality "1"]

1. e4 e6 2. d4 d5 3. Nd2 c5 4. Ngf3 Nf6 5. exd5 exd5 6. Be2 Be7 7. 0-0 0-0 8. dxc5 Bxc5 9. Nb3 Bb6 10. c3 Re8 11. h3 Nc6 12. Bg5 h6 13. Bh4 Qd6 14. Bxf6 Qxf6 15. Nbd4 Nxd4 16. Nxd4 Bxd4 17. cxd4 Re4 18. Bf3 Rxd4 19. Qb3 Rd2 20. Qe3 Qg5 21. Qe8+ Kh7 22. Rad1 Bg4 23. Qxf7 Bxf3 24. Qxf3 Rxb2 25. Rxd5 Qg6 26. Rd7 Rxa2 27. Qxb7 Rg8 28. Qb3 Ra6 29. Rfd1 Rb6 30. Qa3 a6 31. R7d6 Rxd6 32. Rxd6 Qb1+ 33. Kh2 Qb8 34. f4 a5 35. Qd3+ Kh8 36. Qd4 Kh7 37. Qd3+ Kh8 38. Qd4 Kh7 39. Qd3+ 1/2-1/2

[Event "Kragero Sept op"]
[Site "Kragero"]
[Date "2020.09.06"]
[Round "5"]
[White "Tenold, Andreas"]
[Black "Bronmo, Askild Skovgaard"]
[Result "1-0"]
[WhiteElo "1902"]
[BlackElo "1549"]
[PlyCount "113"]
[EventDate "2020.09.04"]
[EventType "swiss"]
[EventRounds "6"]
[EventCountry "NOR"]
[SourceTitle "CBM 198 Extra"]
[Source "ChessBase"]
[SourceDate "2020.11.30"]
[SourceVersion "1"]
[SourceVersionDate "2020.11.30"]
[SourceQuality "1"]

1. d4 Nf6 2. c4 c5 3. d5 e6 4. Nc3 exd5 5. cxd5 d6 6. Nf3 g6 7. Nd2 b6 8. e4 Bg7 9. Be2 0-0 10. 0-0 Ba6 11. a4 Qe7 12. f3 Rd8 13. Nc4 Bxc4 14. Bxc4 Nbd7 15. Re1 Nh5 16. g3 Bd4+ 17. Kg2 Qf6 18. Qd2 Re8 19. Nb5 Re7 20. Nxd4 Qxd4 21. Qxd4 cxd4 22. g4 Ng7 23. Bf4 Ne5 24. Ba6 f6 25. Red1 Rc7 26. Rxd4 g5 27. Bxe5 fxe5 28. Rd2 Ne8 29. b4 Rc3 30. Raa2 Nc7 31. Bb7 Rb8 32. Bc6 Na6 33. Rdb2 Rf8 34. Bb5 Nc7 35. Be2 Rc8 36. Rd2 a5 37. bxa5 bxa5 38. Rdb2 Ne8 39. Rb5 R3c5 40. Rab2 Kf7 41. Rb7+ R8c7 42. R7b6 Ra7 43. Bb5 Nc7 44. Rxd6 Nxb5 45. Rxb5 Rc2+ 46. Kg3 Ra2 47. Re6 Rc7 48. Rxe5 h6 49. h4 gxh4+ 50. Kxh4 Rh2+ 51. Kg3 Rcc2 52. Rxa5 Rhg2+ 53. Kf4 Rc3 54. Rf5+ Ke7 55. Ke5 Rg3 56. Ra7+ Ke8 57. Ke6 1-0

[Event "Kragero Sept op"]
[Site "Kragero"]
[Date "2020.09.05"]
[Round "3"]
[White "Tenold, Andreas"]
[Black "Ingebretsen, Jens E"]
[Result "1/2-1/2"]
[WhiteElo "1902"]
[BlackElo "2197"]
[PlyCount "93"]
[EventDate "2020.09.04"]
[EventType "swiss"]
[EventRounds "6"]
[EventCountry "NOR"]
[SourceTitle "CBM 198 Extra"]
[Source "ChessBase"]
[SourceDate "2020.11.30"]
[SourceVersion "1"]
[SourceVersionDate "2020.11.30"]
[SourceQuality "1"]

1. d4 Nf6 2. c4 e6 3. Nc3 Bb4 4. e3 0-0 5. Bd2 d5 6. Nf3 Nbd7 7. Rc1 c6 8. Bd3 Re8 9. 0-0 e5 10. dxe5 Nxe5 11. Nxe5 Rxe5 12. Nxd5 Nxd5 13. Bxb4 Rg5 14. cxd5 Rxd5 15. Bxh7+ Kxh7 16. Qf3 Qh4 17. Bc3 Rg5 18. Rfd1 Bg4 19. Rd4 c5 20. Rf4 Bxf3 21. Rxh4+ Kg6 22. g3 f6 23. Re1 Rd8 24. e4 Rd3 25. Rf4 b5 26. a3 a6 27. Re3 Rxe3 28. fxe3 Bd1 29. Kf2 Rh5 30. Kg2 Bc2 31. h4 Bd1 32. Kh3 Rh8 33. Kg2 Rb8 34. g4 b4 35. axb4 cxb4 36. Bd4 Rb5 37. Kg3 a5 38. Rf5 Be2 39. Rxb5 Bxb5 40. Kf4 Kf7 41. e5 fxe5+ 42. Kxe5 Be2 43. Kf5 Bd3+ 44. Kg5 g6 45. h5 gxh5 46. gxh5 Ke6 47. Kh6 1/2-1/2

[Event "Kragero Sept op"]
[Site "Kragero"]
[Date "2020.09.04"]
[Round "2"]
[White "Lien, Mikkel"]
[Black "Tenold, Andreas"]
[Result "0-1"]
[WhiteElo "1678"]
[BlackElo "1902"]
[PlyCount "64"]
[EventDate "2020.09.04"]
[EventType "swiss"]
[EventRounds "6"]
[EventCountry "NOR"]
[SourceTitle "CBM 198 Extra"]
[Source "ChessBase"]
[SourceDate "2020.11.30"]
[SourceVersion "1"]
[SourceVersionDate "2020.11.30"]
[SourceQuality "1"]

1. Nf3 Nf6 2. g3 d5 3. Bg2 c6 4. 0-0 Bf5 5. d3 h6 6. c3 e6 7. b4 Be7 8. Qb3 0-0 9. a4 Qc7 10. Ba3 Nbd7 11. Nbd2 Bh7 12. Rac1 e5 13. c4 e4 14. Nd4 dxc4 15. Nxc4 exd3 16. exd3 Ne5 17. Nxe5 Qxe5 18. Bb2 Qd6 19. Rc5 Nd7 20. Rfc1 Nxc5 21. bxc5 Qd7 22. a5 Bf6 23. Rc4 Rfe8 24. Bc3 Bxd3 25. Rb4 Bxd4 26. Rxd4 Qf5 27. g4 Qg6 28. Bd2 Rad8 29. Rxd8 Rxd8 30. Be3 Bc2 31. Qc4 Rd1+ 32. Bf1 Bd3 0-1

[Event "Erfurt op-A 29th"]
[Site "Erfurt"]
[Date "2019.12.30"]
[Round "8"]
[White "Tenold, Andreas"]
[Black "Kroneder, Christian"]
[Result "1/2-1/2"]
[WhiteElo "1926"]
[BlackElo "2045"]
[PlyCount "38"]
[EventDate "2019.12.26"]
[EventType "swiss"]
[EventRounds "8"]
[EventCountry "GER"]
[SourceTitle "CBM 194 Extra"]
[Source "ChessBase"]
[SourceDate "2020.03.31"]
[SourceVersion "1"]
[SourceVersionDate "2020.03.31"]
[SourceQuality "1"]

1. e4 c5 2. Nf3 d6 3. Bb5+ Nd7 4. Ba4 g6 5. c4 Bg7 6. 0-0 Ngf6 7. Nc3 0-0 8. d4 cxd4 9. Nxd4 Nc5 10. Bc2 Ne6 11. Be3 Ng4 12. Nxe6 Nxe3 13. Nxd8 Nxd1 14. Nxd1 Rxd8 15. Rc1 Be6 16. b3 Rac8 17. Ne3 Rd7 18. Bd3 Rdd8 19. Nd5 Bxd5 1/2-1/2

[Event "Erfurt op-A 29th"]
[Site "Erfurt"]
[Date "2019.12.29"]
[Round "7"]
[White "Behrens, Harald"]
[Black "Tenold, Andreas"]
[Result "1-0"]
[WhiteElo "2222"]
[BlackElo "1926"]
[PlyCount "37"]
[EventDate "2019.12.26"]
[EventType "swiss"]
[EventRounds "8"]
[EventCountry "GER"]
[SourceTitle "CBM 194 Extra"]
[Source "ChessBase"]
[SourceDate "2020.03.31"]
[SourceVersion "1"]
[SourceVersionDate "2020.03.31"]
[SourceQuality "1"]

1. d4 Nf6 2. Nf3 e6 3. Bf4 d5 4. e3 Bd6 5. Bg3 0-0 6. Bd3 c5 7. c3 Qc7 8. Ne5 Nbd7 9. f4 Ne4 10. Nd2 Ndf6 11. Bh4 Nxd2 12. Bxf6 gxf6 13. Ng4 Ne4 14. Bxe4 dxe4 15. Nxf6+ Kg7 16. Qg4+ Kh8 17. Qh5 Kg7 18. Qg5+ Kh8 19. Qh6 1-0

[Event "Erfurt op-A 29th"]
[Site "Erfurt"]
[Date "2019.12.28"]
[Round "5"]
[White "Tenold, Andreas"]
[Black "Dehmel, Jens"]
[Result "1-0"]
[WhiteElo "1926"]
[BlackElo "2045"]
[PlyCount "55"]
[EventDate "2019.12.26"]
[EventType "swiss"]
[EventRounds "8"]
[EventCountry "GER"]
[SourceTitle "CBM 194 Extra"]
[Source "ChessBase"]
[SourceDate "2020.03.31"]
[SourceVersion "1"]
[SourceVersionDate "2020.03.31"]
[SourceQuality "1"]

1. e4 e5 2. Nf3 Nc6 3. d4 exd4 4. Bc4 Nf6 5. e5 d5 6. Bb5 Ne4 7. Nxd4 Bd7 8. Bxc6 bxc6 9. 0-0 Bc5 10. f3 Ng5 11. f4 Ne4 12. Be3 Bb6 13. Nd2 Nxd2 14. Qxd2 c5 15. Nf3 Bc6 16. c3 Qd7 17. Rad1 Rd8 18. f5 f6 19. exf6 gxf6 20. Bh6 Qf7 21. Rfe1+ Kd7 22. Re6 Bb7 23. Bg5 Qh5 24. Bxf6 Qxf5 25. Rde1 Rhg8 26. Bxd8 Kxd8 27. Qe2 Qh5 28. Rxb6 1-0

[Event "Nordic-ch"]
[Site "Sarpsborg"]
[Date "2019.06.21"]
[Round "1"]
[White "Tenold, Andreas"]
[Black "Getz, Nicolai"]
[Result "0-1"]
[WhiteElo "1959"]
[BlackElo "2380"]
[PlyCount "120"]
[EventDate "2019.06.21"]
[EventType "swiss"]
[EventRounds "9"]
[EventCountry "NOR"]
[SourceTitle "CBM 191 Extra"]
[Source "ChessBase"]
[SourceDate "2019.09.30"]
[SourceVersion "1"]
[SourceVersionDate "2019.09.30"]
[SourceQuality "1"]

1. d4 d6 2. c4 g6 3. Nc3 Bg7 4. e4 Nc6 5. Be3 e5 6. d5 Nce7 7. f3 f5 8. Bd3 Nf6 9. Qd2 0-0 10. h3 f4 11. Bf2 c5 12. 0-0-0 a6 13. b3 Bd7 14. Kb2 Qb8 15. a4 b6 16. Nge2 Ne8 17. Ra1 Nc7 18. Rhb1 a5 19. Rh1 g5 20. Nc1 Ng6 21. Be2 Ne8 22. Nd3 Nf6 23. Rag1 h6 24. Be1 Kf7 25. Nf2 Rh8 26. Ng4 h5 27. Nxf6 Bxf6 28. Qd1 Qb7 29. Bd2 Rag8 30. Qf1 Qc8 31. Nd1 Rg7 32. Nf2 Rh6 33. Qd1 Qd8 34. Bc1 Ne7 35. Bd2 Rhg6 36. g4 fxg3 37. Rxg3 Ng8 38. Rhg1 Nh6 39. Qc1 Kg8 40. R3g2 Kh7 41. Ka2 Nf7 42. Qd1 Nh8 43. Nh1 Rh6 44. Qc1 Bxh3 45. Bxg5 Bxg2 46. Bxh6 Rg6 47. Be3 Qe7 48. Nf2 Bh4 49. Nd3 Nf7 50. Ne1 Bxe1 51. Qxe1 h4 52. Bf2 h3 53. Bg3 Qg5 54. Bh2 Qe3 55. Bd1 Qxe1 56. Rxe1 Rf6 57. Re3 Ng5 58. Kb2 Bxf3 59. Bxf3 Nxf3 60. Re2 Rg6 0-1

[Event "Copenhagen Challenge"]
[Site "Ballerup"]
[Date "2019.05.18"]
[Round "6"]
[White "Tenold, Andreas"]
[Black "Svendsen, Mads O"]
[Result "1/2-1/2"]
[WhiteElo "1969"]
[BlackElo "2062"]
[PlyCount "114"]
[EventDate "2019.05.15"]
[EventType "swiss"]
[EventRounds "9"]
[EventCountry "DEN"]
[SourceTitle "CBM 190 Extra"]
[Source "ChessBase"]
[SourceDate "2019.07.15"]
[SourceVersion "1"]
[SourceVersionDate "2019.07.15"]
[SourceQuality "1"]

1. d4 Nf6 2. c4 g6 3. Nc3 d5 4. cxd5 Nxd5 5. e4 Nxc3 6. bxc3 Bg7 7. Bc4 c5 8. Ne2 Nc6 9. Be3 0-0 10. 0-0 b6 11. dxc5 Na5 12. Qxd8 Rxd8 13. Bd5 Ba6 14. Rfe1 Rab8 15. cxb6 axb6 16. Rac1 e6 17. Bb3 Nxb3 18. axb3 Bxe2 19. Rxe2 Bxc3 20. Rec2 Bd4 21. Bxd4 Rxd4 22. f3 Rd3 23. Rb2 Rbd8 24. Rcc2 R8d4 25. b4 Kg7 26. b5 Kf6 27. Kf2 Ke5 28. Rc6 Rd6 29. Rcc2 f5 30. exf5 gxf5 31. Ke2 h5 32. Rc4 R3d4 33. Rc3 h4 34. Rc8 Rd8 35. Rc6 f4 36. Rc1 h3 37. gxh3 Rh8 38. Kf2 Rxh3 39. Kg2 Rh5 40. Rc6 Rg5+ 41. Kf2 Rd1 42. Re2+ Kd4 43. Rd6+ Rd5 44. Rxb6 Kc5 45. Rbxe6 Kxb5 46. R6e4 Rf5 47. Rb2+ Kc5 48. Rbb4 Rd2+ 49. Ke1 Rxh2 50. Rxf4 Rxf4 51. Rxf4 Kd5 52. Re4 Ra2 53. Re2 Rxe2+ 54. Kxe2 Ke5 55. Ke3 Kf5 56. f4 Kf6 57. Ke4 Ke6 1/2-1/2

[Event "Copenhagen Challenge"]
[Site "Ballerup"]
[Date "2019.05.17"]
[Round "4"]
[White "Tenold, Andreas"]
[Black "Nesse, David"]
[Result "0-1"]
[WhiteElo "1969"]
[BlackElo "1764"]
[PlyCount "72"]
[EventDate "2019.05.15"]
[EventType "swiss"]
[EventRounds "9"]
[EventCountry "DEN"]
[SourceTitle "CBM 190 Extra"]
[Source "ChessBase"]
[SourceDate "2019.07.15"]
[SourceVersion "1"]
[SourceVersionDate "2019.07.15"]
[SourceQuality "1"]

1. e4 c5 2. Nf3 g6 3. d4 cxd4 4. Nxd4 Nc6 5. c4 Nf6 6. Nc3 Nxd4 7. Qxd4 d6 8. Be2 Bg7 9. Be3 0-0 10. Qd2 a5 11. 0-0 a4 12. Rac1 Be6 13. f3 Qa5 14. Nd5 Qxd2 15. Nxe7+ Kh8 16. Bxd2 Rfe8 17. Nd5 Nxd5 18. cxd5 Bxd5 19. Bb5 Re5 20. Bf4 Bxa2 21. Bxe5 Bxe5 22. Rc2 Ra5 23. Bd3 b5 24. Rd2 b4 25. Bb1 Bc4 26. Bd3 Bd4+ 27. Kh1 Bxd3 28. Rxd3 Bxb2 29. Rd2 a3 30. Rb1 Bc3 31. Ra2 d5 32. exd5 Rxd5 33. h3 Rd2 34. Rxd2 Bxd2 35. Ra1 Bc3 36. Ra2 Bb2 0-1

[Event "Kragero op"]
[Site "Kragero"]
[Date "2019.02.23"]
[Round "6"]
[White "Tenold, Andreas"]
[Black "Wedda, Dries"]
[Result "0-1"]
[WhiteElo "1822"]
[BlackElo "2173"]
[PlyCount "58"]
[EventDate "2019.02.20"]
[EventType "swiss"]
[EventRounds "9"]
[EventCountry "NOR"]
[SourceTitle "CBM 189 Extra"]
[Source "ChessBase"]
[SourceDate "2019.06.03"]
[SourceVersion "1"]
[SourceVersionDate "2019.06.03"]
[SourceQuality "1"]

1. e4 c5 2. Nf3 d6 3. Bb5+ Nd7 4. Ba4 Ngf6 5. 0-0 a6 6. c4 e6 7. Re1 Be7 8. d4 cxd4 9. Bxd7+ Bxd7 10. Qxd4 0-0 11. Nc3 Rc8 12. Bg5 Qc7 13. Rac1 Rfd8 14. b3 Be8 15. h3 Qa5 16. Bh4 h6 17. Qe3 Kf8 18. e5 dxe5 19. Nxe5 Qc5 20. Qf3 Bc6 21. Nxc6 Qxc6 22. Qxc6 Rxc6 23. Red1 Rdc8 24. Ne2 a5 25. Nd4 Rc5 26. Nb5 Ne4 27. Bxe7+ Kxe7 28. f3 Nf6 29. Rd2 Rxb5 0-1

[Event "Kragero op"]
[Site "Kragero"]
[Date "2019.02.22"]
[Round "4"]
[White "Tenold, Andreas"]
[Black "Saltvedt, Martin"]
[Result "1-0"]
[WhiteElo "1822"]
[BlackElo "2095"]
[PlyCount "35"]
[EventDate "2019.02.20"]
[EventType "swiss"]
[EventRounds "9"]
[EventCountry "NOR"]
[SourceTitle "CBM 189 Extra"]
[Source "ChessBase"]
[SourceDate "2019.06.03"]
[SourceVersion "1"]
[SourceVersionDate "2019.06.03"]
[SourceQuality "1"]

1. e4 c5 2. Nf3 Nc6 3. Bb5 d6 4. Bxc6+ bxc6 5. 0-0 e6 6. Re1 Be7 7. d3 Ba6 8. Nbd2 d5 9. Ne5 Qc7 10. exd5 cxd5 11. Qg4 Bc8 12. Qxg7 Bf6 13. Qg3 Ne7 14. Ng4 Qc6 15. Nxf6+ Kf8 16. Nf3 Nf5 17. Qe5 Bb7 18. Qxf5 1-0

[Event "Oslo op"]
[Site "Oslo"]
[Date "2018.10.04"]
[Round "6"]
[White "Tenold, Andreas"]
[Black "Dahl, Max"]
[Result "1/2-1/2"]
[WhiteElo "1807"]
[BlackElo "1942"]
[PlyCount "74"]
[EventDate "2018.09.30"]
[EventType "swiss"]
[EventRounds "10"]
[EventCountry "NOR"]
[SourceTitle "EXT 2020"]
[Source "ChessBase"]
[SourceDate "2019.10.17"]
[SourceVersion "1"]
[SourceVersionDate "2019.10.17"]
[SourceQuality "1"]

1. e4 e6 2. d4 d5 3. Nd2 dxe4 4. Nxe4 Bd7 5. Nf3 Bc6 6. Bd3 Nd7 7. 0-0 Ngf6 8. Nxf6+ Nxf6 9. c3 Bd6 10. Bg5 h6 11. Bh4 Bxf3 12. Qxf3 c6 13. Rfe1 0-0 14. Rad1 Be7 15. Bxf6 Bxf6 16. Qe4 g6 17. Qg4 Qd5 18. h4 h5 19. Qf4 Bg7 20. b3 Qd8 21. Re3 Qf6 22. Qg3 Rad8 23. Rde1 Bh6 24. Rf3 Qg7 25. Qc7 Bd2 26. Rd1 Bxc3 27. Qxb7 Bxd4 28. Qxc6 Bb6 29. Re1 Rc8 30. Qe4 Rcd8 31. Qe5 Qxe5 32. Rxe5 Rd4 33. Re4 Rxe4 34. Bxe4 Rd8 35. Bd3 Rd4 36. g3 Kg7 37. Bc4 Rd2 1/2-1/2

[Event "Oslo op"]
[Site "Oslo"]
[Date "2018.10.02"]
[Round "4"]
[White "Tenold, Andreas"]
[Black "Skotheim, Andreas"]
[Result "0-1"]
[WhiteElo "1807"]
[BlackElo "2160"]
[PlyCount "120"]
[EventDate "2018.09.30"]
[EventType "swiss"]
[EventRounds "10"]
[EventCountry "NOR"]
[SourceTitle "EXT 2020"]
[Source "ChessBase"]
[SourceDate "2019.10.17"]
[SourceVersion "1"]
[SourceVersionDate "2019.10.17"]
[SourceQuality "1"]

1. e4 c5 2. Nf3 e6 3. d4 cxd4 4. Nxd4 Nc6 5. Nc3 Qc7 6. Be3 a6 7. Qf3 d6 8. 0-0-0 Bd7 9. Qg3 Nf6 10. f3 Rc8 11. Nxc6 Qxc6 12. Bd3 Be7 13. f4 g6 14. Qf3 h5 15. h3 h4 16. Rhe1 Rh5 17. Kb1 b5 18. a3 Qb7 19. Na2 a5 20. Bd2 Qc7 21. Bc3 Rc5 22. Bd4 Rh5 23. Bc3 Bc6 24. Qe2 Rb8 25. Qd2 Ra8 26. Qe2 Qb7 27. e5 dxe5 28. Bxe5 Nd5 29. Be4 b4 30. a4 b3 31. cxb3 Qxb3 32. Bxd5 Bxd5 33. Nc3 Bc6 34. Nb5 Kf8 35. Rd4 Bb4 36. Bd6+ Kg8 37. Bxb4 Bxb5 38. axb5 axb4 39. Qc4 Qxc4 40. Rxc4 Rxb5 41. Kc2 b3+ 42. Kc3 Rd8 43. Re2 Rd1 44. Rb4 Rxb4 45. Kxb4 Rd3 46. Rf2 Rg3 47. Kc4 Kf8 48. Re2 Ke7 49. Rd2 Kf6 50. Rf2 Kf5 51. Kd4 f6 52. Kc4 g5 53. fxg5+ Kxg5 54. Kd4 f5 55. Re2 Kf6 56. Kc4 e5 57. Kd5 e4 58. Kd4 Ke6 59. Rf2 Rd3+ 60. Kc4 Ke5 0-1